| 000 | 00867nam a2200205 a 4500 | ||
|---|---|---|---|
| 001 | 000243737 | ||
| 003 | AM-YeHGA | ||
| 005 | 20250618071628.0 | ||
| 008 | 030707s1976 ai 000 | arm d | ||
| 040 | _aAM-YeHGA | ||
| 100 | 1 | _aԳոցցի, Կարլո | |
| 245 | 1 | 0 |
_aԱգռավը : _b[Թատերական հեքիաթ] / _cԿ. Գոցցի; Ռուս թարգմ.՝ Մ. Մարգարյան; Խմբ.՝ Հ.Հ. Դանիելյան; Նկ.՝ Վ.Մ. Ավակիմյան. |
| 260 |
_aԵրևան : _bՍովետական գրող, _c1976. |
||
| 300 |
_a151 էջ ; _c16 սմ. |
||
| 650 | 1 | 4 |
_aԻտալական գրականություն _xԹատերգություն |
| 700 | 1 |
_aՄարգարյան, Մարո Եղիշեի, _d1915-1999 _eթարգմ. _4trl _91513 |
|
| 700 | 1 |
_aԴանիելյան, Հ.Հ. _eխմբ. _4edt |
|
| 700 | 1 |
_aԱվակիմյան, Վ.Մ. _eնկ. _4art |
|
| 090 | _c87890 | ||
| 999 |
_c86606 _d86606 |
||